000 00372nam a22001217a 4500
008 230703b xxu||||| |||| 00| 0 eng d
082 _a342 16
_bIPU 1995
245 _a Constitutional and Parliamentary Information ASGP
_bAssociation of Secretaries General of Parliaments
260 _bInter-Parliamentary Union
_c1995
300 _a101p
440 _n169
942 _2ddc
_cBK
999 _c3397
_d3397